MARC

LEADER 00000nam0a2200000 4500
001 102803
005 20240914063122.0
035 |a (RuTPU)RU\TPU\book\110847 
035 |a RU\TPU\book\100149 
090 |a 102803 
100 |a 20061006d1981 e y0rusy50 ca 
101 0 |a rus 
102 |a RU 
105 |a a z 000gy 
200 1 |a Лирика. 1826-1836  |f А. С. Пушкин 
210 |a Москва  |c Советская Россия  |d 1981 
215 |a 334 с. 
225 1 |a Библиотечная серия 
610 1 |a русская литература 
610 1 |a лирика 
675 |a Р1  |v 3 
700 1 |a Пушкин  |b А. С.  |c российский поэт  |c писатель  |f 1799-1837  |g Александр Сергеевич  |7 ca  |8 rus  |2 stltpush  |3 (RuTPU)RU\TPU\pers\1026  |9 453 
801 1 |a RU  |b 63413507  |c 20050915  |g PSBO 
801 2 |a RU  |b 63413507  |c 20070328  |g PSBO 
942 |c BK